header

Helping abused children and their families (Record no. 93156)

MARC details
000 -LEADER
fixed length control field 01484nam a2200361Ia 4500
100 1# - MAIN ENTRY--AUTHOR NAME
Personal name Trotter, Chris.
245 10 - TITLE STATEMENT
Title Helping abused children and their families
260 ## - PUBLICATION, DISTRIBUTION, ETC. (IMPRINT)
Place of publication London ;
-- Thousand Oaks, CA :
Name of publisher SAGE,
Year of publication 2004.
300 ## - PHYSICAL DESCRIPTION
Number of Pages vii, 188 p.
650 #0 - SUBJECT ADDED ENTRY--TOPICAL TERM
Topical Term Abused children
Topical Term Social work with children
Topical Term Family social work
Topical Term Abused children
Topical Term Social work with children
856 40 - ELECTRONIC LOCATION AND ACCESS
Uniform Resource Identifier http://site.ebrary.com/lib/rucke/Doc?id=10567025

No items available.

© 2026 Rongo University
Contact us: librarian | system librarian | Rongo university